| 000 | 00995nam0a2200301 4500 | ||
|---|---|---|---|
| 001 | RU\NLR\bibl\1828239 | ||
| 005 | 20260406063217.0 | ||
| 010 |
_a978-5-699-43288-2 _93000 |
||
| 021 |
_aRU _b2011-78607 _95598 |
||
| 035 | _a(NLR Aleph) 001818757 | ||
| 090 |
_a1975627 _c1975627 |
||
| 100 | _a20111101d2011 |||y0rusy50 ca | ||
| 101 | 1 |
_arus _ceng |
|
| 102 | _aRU | ||
| 105 | _ay ||||||||| | ||
| 200 | 1 |
_aУлисс _e[роман] _fДжеймс Джойс _g[пер. с англ. В. А. Хинкиса и С. С. Хоружего _gкоммент. С. С. Хоружего] |
|
| 210 |
_aМосква _cЭксмо _d2011 |
||
| 215 |
_a924, [2] с. _d22 |
||
| 225 | 1 | _aБольшая книга | |
| 686 | _aШ6(4И)167-4{Лх1328-50} | ||
| 700 | 1 |
_4070 _8rus _7ca _aДжойс _bД. _f1882-1941 _gДжеймс _3RU\NLR\auth\7722104 _95164 |
|
| 801 | 0 |
_aRU _bNLR _c20111101 _gRCR |
|
| 801 | 1 |
_aRU _bNLR _c20111101 |
|
| 942 | _cBOOK | ||
| 980 | _aNB | ||
| 980 | _aNBR | ||